[Event "Regensburg Donau Cup 2nd"]
[Site "Regensburg"]
[Date "2018.05.11"]
[Round "4"]
[White "Eisenschmid, Oliver"]
[Black "Liess, Alexander"]
[Result "0-1"]
[WhiteElo "1546"]
[BlackElo "1820"]
[PlyCount "52"]
[EventDate "2018.05.09"]
[EventType "swiss"]
[EventRounds "7"]
[EventCountry "GER"]
[SourceTitle "CBM 184 Extra"]
[Source "ChessBase"]
[SourceDate "2018.06.28"]
[SourceVersion "1"]
[SourceVersionDate "2018.06.28"]
[SourceQuality "1"]

1. d4 e6 2. Nf3 f5 3. Bg5 Nf6 4. Nbd2 d5 5. e3 Bd6 6. Ne5 Nbd7 7. f4 c5 8. c3 Qb6 9. Bxf6 Nxf6 10. Qb3 0-0 11. Qxb6 axb6 12. Be2 Bd7 13. a3 Be8 14. Rg1 b5 15. Kf2 Ne4+ 16. Nxe4 fxe4 17. h4 Bc6 18. g4 Ra4 19. g5 Bxe5 20. dxe5 d4 21. cxd4 cxd4 22. exd4 Rxf4+ 23. Ke3 Rxh4 24. Bd1 Rh3+ 25. Kf4 Rxd4 26. Bc2 e3+ 0-1

[Event "Regensburg Donau Cup 2nd"]
[Site "Regensburg"]
[Date "2018.05.10"]
[Round "2"]
[White "Eisenschmid, Oliver"]
[Black "Jecht, Christian"]
[Result "1-0"]
[WhiteElo "1546"]
[BlackElo "1886"]
[PlyCount "74"]
[EventDate "2018.05.09"]
[EventType "swiss"]
[EventRounds "7"]
[EventCountry "GER"]
[SourceTitle "CBM 184 Extra"]
[Source "ChessBase"]
[SourceDate "2018.06.28"]
[SourceVersion "1"]
[SourceVersionDate "2018.06.28"]
[SourceQuality "1"]

1. d4 Nf6 2. Nf3 d5 3. e3 Bf5 4. Bd3 Bxd3 5. Qxd3 c6 6. Nbd2 Nbd7 7. 0-0 e6 8. e4 dxe4 9. Nxe4 Nxe4 10. Qxe4 Nf6 11. Qe2 h6 12. c3 Bd6 13. Ne5 Qc7 14. f4 0-0-0 15. Bd2 Kb8 16. h3 h5 17. Rae1 h4 18. Nc4 Nh5 19. Nxd6 Qxd6 20. Qe5 Ng3 21. Qxd6+ Rxd6 22. f5 Nxf1 23. Bf4 Kc7 24. Kxf1 Kd7 25. Bxd6 Kxd6 26. fxe6 fxe6 27. Re5 Rf8+ 28. Ke2 Rf5 29. Rxf5 exf5 30. Kd3 c5 31. c4 cxd4 32. Kxd4 b6 33. b4 g5 34. c5+ Ke6 35. c6 b5 36. c7 Kd7 37. c8Q+ Kxc8 1-0